000 00323nam a2200157Ia 4500
003 IT-RoPAU
008 120407s9999 xx 000 0 und d
040 _aIT-RoPAU
040 _cIT-RoPAU
100 _aGiacomo Pesce
245 _aAtlante biblico
260 _aVaticana
300 _c cm
490 _v1
942 _cBK
999 _c12458
_d12458